The day we nearly lost Mindanao: (Record no. 9027)
[ view plain ]
| 000 -LEADER | |
|---|---|
| fixed length control field | 00628nam a22001937a 4500 |
| 003 - CONTROL NUMBER IDENTIFIER | |
| control field | OSt |
| 005 - DATE AND TIME OF LATEST TRANSACTION | |
| control field | 20140310182053.0 |
| 008 - FIXED-LENGTH DATA ELEMENTS--GENERAL INFORMATION | |
| fixed length control field | 130822t xxu||||| |||| 00| 0 eng d |
| 050 ## - LIBRARY OF CONGRESS CALL NUMBER | |
| Classification number | DS 688 |
| Item number | .Ab119 1999 |
| 082 ## - DEWEY DECIMAL CLASSIFICATION NUMBER | |
| Classification number | HS 327.172 |
| Item number | Ab1 1999 |
| 100 ## - MAIN ENTRY--PERSONAL NAME | |
| Personal name | Abat, Fortunato U. |
| 9 (RLIN) | 12204 |
| 245 ## - TITLE STATEMENT | |
| Title | The day we nearly lost Mindanao: |
| Remainder of title | the cemcom story / |
| Statement of responsibility, etc | Fortunato U. Abat. |
| 260 ## - PUBLICATION, DISTRIBUTION, ETC. (IMPRINT) | |
| Place of publication, distribution, etc | New updated ed. Diliman, Q. C : |
| Name of publisher, distributor, etc | The author, |
| Date of publication, distribution, etc | 1999. |
| 300 ## - PHYSICAL DESCRIPTION | |
| Extent | 311 p.: |
| Other physical details | ill. ; |
| Dimensions | 18 cm. |
| 650 ## - SUBJECT ADDED ENTRY--TOPICAL TERM | |
| Topical term or geographic name as entry element | Armed Forces of the Philippines.Central MindanaoCommand |
| 9 (RLIN) | 12205 |
| 650 ## - SUBJECT ADDED ENTRY--TOPICAL TERM | |
| Topical term or geographic name as entry element | Mindanao |
| 9 (RLIN) | 12206 |
| 942 ## - ADDED ENTRY ELEMENTS (KOHA) | |
| Source of classification or shelving scheme | Library of Congress Classification |
| Withdrawn status | Lost status | Source of classification or shelving scheme | Damaged status | Home library | Current library | Shelving location | Date acquired | Total Checkouts | Full call number | Barcode | Date last seen | Copy number | Price effective from | Koha item type |
|---|---|---|---|---|---|---|---|---|---|---|---|---|---|---|
| Library of Congress Classification | Luxembourg Library | Luxembourg Library | High School Section | 08/22/2013 | DS 688 .Ab119 1999 | 9159 | 08/22/2013 | 1 | 08/22/2013 | Books |